000 00409nam a2200181Ia 4500
005 20240921120706.0
008 240921s9999||||xx |||||||||||||| ||und||
041 _aENGLISH
082 _A530.41 M9
100 _aAzaroff
245 0 _aIntroduction to Solids
250 _a1ST
260 _c1989
_bTMH,New Delhi
500 _aATOMIC THEORY
650 _aSolids
_bPhysics
942 _cBK
999 _c247335
_d247335